00523nam a2200181 a 450000100060000000300090000600800410001502000150005604000280007108200180009910000190011724500470013626000270018330000100021050500770022065000120029765000320030922893CO-ViMGA141112s2004 ck r 000 u spa d a9701506057 aCO-ViMGAbspacCO-ViMGA04a868.998 M657a1 aMontes, Hugò10aAsedios a la poesìa de platòn a neruda aMéxico : bAlfaomega a181p. aPoesia como recuerdo, Poesia como limitacion, Como creacion, Poesia pura14aPOESIA 14aPOESIA - HISTORIA Y CRITICA